[Event "40th Olympiad Women"]
[Site "Istanbul TUR"]
[Date "2012.09.05"]
[Round "8.34"]
[Board "3"]
[White "Wang, Alyssa"]
[Black "Alvarez Orta, Jo Ann"]
[Result "0-1"]
[BlackTitle "WFM"]
[WhiteElo "1541"]
[BlackElo "1753"]
[WhiteTeam "Wales"]
[BlackTeam "Puerto Rico"]
[WhiteFideId "1802267"]
[BlackFideId "3100979"]
[EventDate "2012.08.28"]

1. d4 Nf6 2. c4 g6 3. Nc3 Bg7 4. e4 d6 5. f4 O-O 6. Nf3 c5 7. d5 e6 8. Be2 exd5
9. cxd5 Re8 10. Nd2 a6 11. a4 Nbd7 12. O-O Nf8 13. Qc2 Qe7 14. Bd3 Ng4 15. Nf3
Qc7 16. Kh1 c4 17. Nd1 Bd7 18. h3 Nf6 19. Ne3 Nh5 20. Kh2 Nxf4 21. Nxc4 Nxd3 22.
Qxd3 b5 23. Ne3 bxa4 24. Rf2 Bb5 25. Qc2 Rac8 26. Qxc7 Rxc7 27. Nd2 Bd4 28. Rf3
Be2 29. Rf2 Bd3 30. Nf3 Bb6 31. Bd2 Rxe4 32. Ng5 Re5 33. Nf3 Rxe3 34. Ra3 Re2
35. Rxe2 Bxe2 36. Rxa4 Rc2 0-1

[Event "40th Olympiad Women"]
[Site "Istanbul TUR"]
[Date "2012.09.05"]
[Round "8.35"]
[Board "1"]
[White "Corke, Anya S"]
[Black "Antonova, Nadezhda"]
[Result "0-1"]
[WhiteTitle "WGM"]
[BlackTitle "WFM"]
[WhiteElo "2254"]
[BlackElo "1909"]
[WhiteTeam "England"]
[BlackTeam "Tajikistan"]
[WhiteFideId "6000347"]
[BlackFideId "14700182"]
[EventDate "2012.08.28"]

1. d4 d6 2. Nf3 Nf6 3. g3 g6 4. Bg2 Bg7 5. O-O O-O 6. c4 Nc6 7. d5 Na5 8. Nfd2
c5 9. Nc3 Nd7 10. Qc2 Ne5 11. b3 Rb8 12. Bb2 a6 13. a4 Bd7 14. h3 f5 15. f4 Nf7
16. Ra2 b6 17. Nd1 Bf6 18. Bxf6 exf6 19. Qc3 Nb7 20. Nf2 Nh6 21. Re1 Qe7 22. e3
Rbe8 23. Nf1 Qd8 24. Nh2 Qc8 25. Bf1 Re7 26. Bd3 Qe8 27. Rae2 Qf7 28. Nf3 Qg7
29. Kh2 Rfe8 30. e4 Kf8 31. exf5 Bxf5 32. g4 Bxd3 33. Qxd3 Rxe2 34. Rxe2 Rxe2
35. Qxe2 Qe7 36. Qd3 f5 37. Ng5 Nd8 38. Qc3 Kg8 39. gxf5 Nxf5 40. Nge4 Qh4 41.
Ng4 h5 42. Ngf6+ Kf7 43. Qd2 Nd4 44. Kg2 Nb7 45. Qe3 Nf5 46. Qd2 Na5 47. Nh7
Nxb3 48. Nhg5+ Ke7 49. Qb2 Nfd4 50. Ne6 Qe1 51. Nf2 Nd2 0-1

[Event "40th Olympiad Women"]
[Site "Istanbul TUR"]
[Date "2012.09.05"]
[Round "8.35"]
[Board "2"]
[White "Nasriddinzoda, Marvorii"]
[Black "Yurenok, Maria S"]
[Result "0-1"]
[BlackTitle "WFM"]
[WhiteElo "2023"]
[BlackElo "2058"]
[WhiteTeam "Tajikistan"]
[BlackTeam "England"]
[WhiteFideId "14700395"]
[BlackFideId "409359"]
[EventDate "2012.08.28"]

1. e4 c5 2. c3 d5 3. exd5 Qxd5 4. d4 Nf6 5. Nf3 e6 6. Be2 Be7 7. O-O O-O 8. c4
Qd8 9. Nc3 cxd4 10. Nxd4 a6 11. Be3 Nbd7 12. Qc2 Qc7 13. Rad1 b6 14. Rd2 Bb7 15.
Rfd1 Rfd8 16. Rc1 Rac8 17. h3 Qb8 18. Bf1 Ne5 19. Bf4 Nf3+ 20. Nxf3 Qxf4 21.
Rxd8+ Rxd8 22. Ne2 Qc7 23. Nfd4 Bc5 24. Rd1 Ne4 25. b4 Bxb4 26. f3 Ng3 27. Nxg3
Qxg3 28. Ne2 Bc5+ 29. Kh1 Qc7 30. Rd3 Rxd3 31. Qxd3 Qd6 32. Qxd6 Bxd6 33. Nc3
Bc6 34. c5 Bxc5 35. Bxa6 f5 36. Bc4 Kf7 37. Be2 Kf6 38. g4 Ke5 39. gxf5 exf5 40.
Kg2 Kf4 41. Nd1 Bd4 42. Nf2 Ke3 43. Bd1 Bd5 44. Bc2 Bxf3+ 45. Kf1 g6 46. Bb3 Kd2
47. Bg8 h6 48. Bf7 g5 49. Be6 Bxf2 50. Kxf2 Be4 51. Bf7 Kd3 52. Be8 Bd5 53. a3
Ke4 54. Bd7 Kf4 55. Be8 g4 56. a4 gxh3 0-1

[Event "40th Olympiad Women"]
[Site "Istanbul TUR"]
[Date "2012.09.05"]
[Round "8.35"]
[Board "3"]
[White "Hegarty, Sarah N"]
[Black "Ilhom, Mootribai"]
[Result "1-0"]
[WhiteTitle "WFM"]
[WhiteElo "2120"]
[BlackElo "1705"]
[WhiteTeam "England"]
[BlackTeam "Tajikistan"]
[WhiteFideId "2501465"]
[BlackFideId "14700204"]
[EventDate "2012.08.28"]

1. e4 e6 2. d4 d5 3. Nc3 Nf6 4. Bg5 dxe4 5. Nxe4 Nbd7 6. Nxf6+ Nxf6 7. Nf3 h6 8.
Bh4 c5 9. c3 cxd4 10. Nxd4 e5 11. Nb5 a6 12. Qxd8+ Kxd8 13. O-O-O+ Bd7 14. Bxf6+
gxf6 15. g3 h5 16. Bh3 axb5 17. Rxd7+ Ke8 18. Rhd1 Bc5 19. Rxb7 Bxf2 20. Rdd7
Rh7 21. Bf5 Rg7 22. Rd6 Be3+ 23. Kb1 Bg5 24. Rxb5 h4 25. g4 Rg8 26. h3 Kf8 27.
Rb7 1-0

[Event "40th Olympiad Women"]
[Site "Istanbul TUR"]
[Date "2012.09.05"]
[Round "8.35"]
[Board "4"]
[White "Odinaeva, Saodat"]
[Black "Chevannes, Sabrina L"]
[Result "0-1"]
[BlackTitle "WFM"]
[WhiteElo "1741"]
[BlackElo "2090"]
[WhiteTeam "Tajikistan"]
[BlackTeam "England"]
[WhiteFideId "14700255"]
[BlackFideId "411280"]
[EventDate "2012.08.28"]

1. d4 d5 2. Nf3 Nf6 3. g3 c5 4. c3 cxd4 5. cxd4 Nc6 6. Nc3 Qb6 7. Bg2 Bg4 8. e3
e6 9. O-O Bd6 10. a3 O-O 11. b4 Qd8 12. Bb2 Ne4 13. Ne2 Qf6 14. Ne1 Bxe2 15.
Qxe2 Qh6 16. Nd3 f5 17. Rac1 Rac8 18. Rc2 g5 19. f4 Ne7 20. Nc5 b6 21. Nd7 Rxc2
22. Qxc2 Rc8 23. Qd3 Rc7 24. Ne5 g4 25. Rc1 Rxc1+ 26. Bxc1 Qf8 27. Qc2 Qe8 28.
Bb2 Bb8 29. Bf1 h5 30. a4 Nd6 31. b5 Ne4 32. Ba3 Bxe5 33. fxe5 h4 34. gxh4 Ng6
35. h5 Nh4 36. Bg2 Nf3+ 37. Bxf3 gxf3 38. Qc6 Qf7 39. Qc8+ Kg7 40. h6+ Kh7 41.
Kf1 Qg6 42. Qd7+ Kxh6 43. Bf8+ Kh5 44. Qg7 Qxg7 45. Bxg7 Kh4 46. Bf8 Kh3 47. Kg1
f2+ 48. Kf1 Kxh2 49. Bb4 Kg3 0-1

[Event "40th Olympiad Women"]
[Site "Istanbul TUR"]
[Date "2012.09.05"]
[Round "8.36"]
[Board "1"]
[White "Hamza, Amira"]
[Black "Ptacnikova, Lenka"]
[Result "0-1"]
[WhiteTitle "WCM"]
[BlackTitle "WGM"]
[WhiteElo "1840"]
[BlackElo "2281"]
[WhiteTeam "Algeria"]
[BlackTeam "Iceland"]
[WhiteFideId "7901160"]
[BlackFideId "305650"]
[EventDate "2012.08.28"]

1. d4 Nf6 2. Nf3 d5 3. Bf4 e6 4. e3 Bd6 5. Bxd6 Qxd6 6. c3 Nbd7 7. Nbd2 O-O 8.
Be2 b6 9. O-O Bb7 10. c4 c5 11. cxd5 Nxd5 12. Nb3 Rfd8 13. dxc5 Nxc5 14. Nxc5
Qxc5 15. Rc1 Nc3 16. Qc2 Nxe2+ 17. Qxe2 Qa5 18. Qc2 Bxf3 19. gxf3 Qxa2 20. Rfd1
Qa5 21. Qc7 Qg5+ 22. Kh1 h5 23. Rg1 Qf6 24. Qg3 Rac8 25. Ra1 a5 26. f4 Rd2 27.
Rg2 Qxb2 28. Rag1 g6 29. Qf3 Kf8 30. Qb7 Rc1 31. Qa8+ Kg7 32. Qf3 Rxg1+ 33. Rxg1
Rxf2 34. Qxh5 Rf1 35. Qg4 Qb1 36. Qg2 Rxg1+ 37. Qxg1 Qxg1+ 38. Kxg1 a4 0-1

[Event "40th Olympiad Women"]
[Site "Istanbul TUR"]
[Date "2012.09.05"]
[Round "8.36"]
[Board "2"]
[White "Thorsteinsdottir, Hallgerdur"]
[Black "Latreche, Khadidja"]
[Result "1-0"]
[BlackTitle "WCM"]
[WhiteElo "1957"]
[BlackElo "1889"]
[WhiteTeam "Iceland"]
[BlackTeam "Algeria"]
[WhiteFideId "2302454"]
[BlackFideId "7901780"]
[EventDate "2012.08.28"]

1. e4 c5 2. Nf3 Nc6 3. Bb5 g6 4. Bxc6 bxc6 5. O-O Nf6 6. Re1 Bg7 7. e5 Nd5 8. c4
Nc7 9. Nc3 O-O 10. d4 cxd4 11. Qxd4 d5 12. Qh4 f6 13. Bh6 Bxh6 14. Qxh6 Rb8 15.
cxd5 cxd5 16. b3 e6 17. Rac1 f5 18. Ng5 Qe7 19. Ne2 Na6 20. Nf4 Bd7 21. Rc3 Rb7
22. Rh3 Bc8 23. Nxg6 Rd8 24. Nxe7+ 1-0

[Event "40th Olympiad Women"]
[Site "Istanbul TUR"]
[Date "2012.09.05"]
[Round "8.36"]
[Board "3"]
[White "Latreche, Sabrina"]
[Black "Finnbogadottir, Tinna Kristin"]
[Result "0-1"]
[WhiteTitle "WIM"]
[WhiteElo "1949"]
[BlackElo "1832"]
[WhiteTeam "Algeria"]
[BlackTeam "Iceland"]
[WhiteFideId "7901798"]
[BlackFideId "2300214"]
[EventDate "2012.08.28"]

1. e4 c5 2. Nc3 g6 3. g3 Bg7 4. Bg2 Nc6 5. Nf3 d6 6. d3 Nf6 7. O-O a6 8. Bd2 Bd7
9. a3 O-O 10. Qc1 Rb8 11. Bh6 b5 12. Bxg7 Kxg7 13. Re1 e5 14. Nh4 Nd4 15. Ne2
Rc8 16. Qd1 Be6 17. Nc1 Re8 18. c3 Nc6 19. Nf3 d5 20. Ng5 dxe4 21. Nxe6+ Rxe6
22. Bh3 Rd6 23. Bxc8 Qxc8 24. Qe2 Qd7 25. dxe4 Rd2 26. Qf3 Qh3 27. Qg2 Qh5 28.
Nb3 Rxb2 29. Nxc5 Ng4 30. Nd3 Rd2 31. h3 Rxd3 32. hxg4 Qxg4 33. Rac1 Na5 34. Qf1
Rd2 35. Red1 Ra2 36. Qd3 Nb3 37. Rc2 Nc5 38. Qd2 Nxe4 39. Qd3 Nc5 40. Qd2 Nb3
41. Qd5 Rxc2 42. Qxe5+ Kh6 43. Rd5 Qf3 44. Qg5+ Kg7 45. Qe5+ Qf6 46. Qxf6+ Kxf6
47. Rd6+ Kg7 48. Rxa6 Rxc3 49. Kg2 Nd2 50. Ra5 Rb3 51. a4 b4 52. Rb5 Rb2 53. a5
b3 54. a6 Ra2 0-1

[Event "40th Olympiad Women"]
[Site "Istanbul TUR"]
[Date "2012.09.05"]
[Round "8.36"]
[Board "4"]
[White "Kristinardottir, Elsa Maria"]
[Black "Nouali, Djouher"]
[Result "1-0"]
[WhiteElo "1737"]
[BlackElo "1727"]
[WhiteTeam "Iceland"]
[BlackTeam "Algeria"]
[WhiteFideId "2300370"]
[BlackFideId "7900414"]
[EventDate "2012.08.28"]

1. e4 e5 2. Nf3 Nc6 3. Bc4 Bc5 4. c3 Nf6 5. d4 exd4 6. e5 d5 7. cxd4 Bb4+ 8. Bd2
Ne4 9. Bb5 Bxd2+ 10. Nbxd2 Bf5 11. Bxc6+ bxc6 12. Qa4 Qd7 13. Rc1 c5 14. Qxd7+
Kxd7 15. dxc5 Ke6 16. Nb3 Kd7 17. Nfd4 Bg6 18. f3 Ng5 19. c6+ Ke7 20. Kd2 Rab8
21. Rc5 Rhd8 22. Rb5 Ne6 23. Rb7 Rxb7 24. cxb7 Kd7 25. Nxe6 fxe6 26. Nc5+ Kc6
27. Rc1 Re8 28. b8=Q Rxb8 29. Na6+ Kb7 30. Nxb8 Kxb8 31. Ke3 Kb7 32. Kd4 Kb6 33.
Rc3 Be8 34. Rb3+ Kc6 35. Rb8 Bf7 36. Rh8 Bg6 37. Rg8 Kb5 38. Rb8+ Kc6 39. b4 Bb1
40. b5+ Kd7 41. a3 Ba2 42. Ra8 Bc4 43. a4 Bf1 44. g3 a6 45. Rxa6 Kc8 46. Rxe6 1-0

[Event "40th Olympiad Women"]
[Site "Istanbul TUR"]
[Date "2012.09.05"]
[Round "8.37"]
[Board "1"]
[White "Tuominen, Tanja"]
[Black "Hallaeva, Bahar"]
[Result "0-1"]
[WhiteTitle "WIM"]
[BlackTitle "WFM"]
[WhiteElo "2101"]
[BlackElo "2174"]
[WhiteTeam "Finland"]
[BlackTeam "Turkmenistan"]
[WhiteFideId "502340"]
[BlackFideId "14000679"]
[EventDate "2012.08.28"]

1. e4 e5 2. Nf3 Nc6 3. Nc3 Nf6 4. d4 exd4 5. Nxd4 Nxe4 6. Nxe4 Qe7 7. Nxc6 Qxe4+
8. Be2 dxc6 9. O-O Bd6 10. Re1 O-O 11. Bd3 Qh4 12. g3 Qg4 13. f3 Qh5 14. Re4 Bf5
15. Rh4 Qg6 16. Rg4 Qe6 17. Bxf5 Qxf5 18. Bh6 Be5 19. c3 Kh8 20. Bf4 Rad8 21.
Qe2 Bxf4 22. Rxf4 Qc5+ 23. Kh1 Rfe8 24. Rd1 Rxd1+ 25. Qxd1 h6 26. Rd4 Kh7 27.
Qd3+ g6 28. b4 Re1+ 29. Kg2 Qe5 30. Rd7 Qe6 31. Rxc7 Re2+ 32. Kg1 Rxa2 33. Qe4
Qb3 34. Rxb7 Qd1+ 0-1

[Event "40th Olympiad Women"]
[Site "Istanbul TUR"]
[Date "2012.09.05"]
[Round "8.37"]
[Board "2"]
[White "Isaeva, Aknyr"]
[Black "Nazarova, Anastasia"]
[Result "1-0"]
[WhiteElo "2011"]
[BlackElo "1693"]
[WhiteTeam "Turkmenistan"]
[BlackTeam "Finland"]
[WhiteFideId "14000989"]
[BlackFideId "34101737"]
[EventDate "2012.08.28"]

1. d4 d5 2. c4 e6 3. Nc3 Nf6 4. Bg5 Be7 5. e3 h6 6. Bh4 O-O 7. Nf3 b6 8. cxd5
Nxd5 9. Bxe7 Qxe7 10. Rc1 Nd7 11. Bd3 c5 12. O-O Bb7 13. Bb1 cxd4 14. Nxd5 Bxd5
15. Nxd4 Rac8 16. Qe2 Rfd8 17. Rc2 Rc5 18. Rfc1 Rdc8 19. a3 Ne5 20. b4 Rxc2 21.
Rxc2 Bc4 22. f4 Qd7 23. Qd1 Ng6 24. Qc1 Qd5 25. Nf3 Ne7 26. Rd2 Qb7 27. Qxc4 Nd5
28. Qe4 Qa6 29. Bd3 Rc1+ 30. Kf2 Qxa3 31. Qh7+ Kf8 32. Qh8+ Ke7 33. Qxg7 Qc3 34.
Qxc3 Rxc3 35. b5 f6 36. Ke2 Kd6 37. Ra2 Nb4 38. Rd2 Nd5 39. g3 e5 40. fxe5+ fxe5
41. Nh4 e4 42. Bb1 Rxe3+ 43. Kf2 Rb3 44. Nf5+ Ke5 45. Rxd5+ Kxd5 1-0

[Event "40th Olympiad Women"]
[Site "Istanbul TUR"]
[Date "2012.09.05"]
[Round "8.37"]
[Board "3"]
[White "Walta, Paivi"]
[Black "Atabayeva, Gozel"]
[Result "0-1"]
[WhiteTitle "WFM"]
[BlackTitle "WFM"]
[WhiteElo "1808"]
[BlackElo "2076"]
[WhiteTeam "Finland"]
[BlackTeam "Turkmenistan"]
[WhiteFideId "504513"]
[BlackFideId "14001896"]
[EventDate "2012.08.28"]

1. e4 c5 2. c3 d5 3. exd5 Qxd5 4. d4 Nc6 5. Nf3 Bg4 6. Be2 cxd4 7. cxd4 e6 8.
Nc3 Qa5 9. O-O Nf6 10. h3 Bh5 11. Be3 Be7 12. Qb3 Qb4 13. Qxb4 Bxb4 14. g4 Bg6
15. Ne5 O-O 16. Bf3 Rac8 17. g5 Bxc3 18. bxc3 Nd5 19. Nxg6 hxg6 20. Bd2 Na5 21.
Rfc1 Nc4 22. Be1 Nf4 23. Bxb7 Rc7 24. Rcb1 Nxh3+ 25. Kh2 Nxg5 26. Bg2 Nh7 27.
Rb4 Nf6 28. Bf1 Rfc8 29. Rab1 Nd5 30. Rb7 Ncb6 31. Rxc7 Rxc7 32. Rb3 Kf8 33. a4
Nc4 34. Kg3 Ndb6 35. Rb4 a5 36. Rb5 Nxa4 37. Kf3 Ke7 38. Ke2 Nab6 39. Kd1 Nd5
40. Kc1 Nd6 41. Rxa5 Nxc3 42. Rc5 Nd5 43. Bg2 Kd7 44. Ba5 Rxc5+ 45. dxc5 Nb7 46.
Bb4 Kc6 47. Bc3 Nxc5 48. Kd2 f6 49. Ke2 Kd6 50. Bd2 Nb3 51. Be4 Nxd2 52. Kxd2 f5 0-1

[Event "40th Olympiad Women"]
[Site "Istanbul TUR"]
[Date "2012.09.05"]
[Round "8.38"]
[Board "4"]
[White "Bukhashem, Fayeqa S"]
[Black "Chowdhury, Mahmuda Hoque"]
[Result "1-0"]
[WhiteTitle "WFM"]
[WhiteElo "1762"]
[BlackElo "1827"]
[WhiteTeam "United Arab Emirates"]
[BlackTeam "Bangladesh"]
[WhiteFideId "9301593"]
[BlackFideId "10203095"]
[EventDate "2012.08.28"]

1. e4 e6 2. d4 d5 3. Nd2 c5 4. exd5 exd5 5. dxc5 Bxc5 6. Nb3 Bb6 7. Nf3 a6 8.
Be2 Nc6 9. O-O Nge7 10. c3 Bf5 11. Re1 O-O 12. Bd3 Qd6 13. Be3 Bxe3 14. Rxe3 h6
15. Nbd4 Bg4 16. Qd2 Rad8 17. Rae1 Nxd4 18. Nxd4 Nc6 19. Bc2 Bh5 20. Rg3 Nxd4
21. Qxd4 g5 22. h4 Bg6 23. Bxg6 Qxg6 24. hxg5 hxg5 25. Re5 f6 26. Rxd5 Rxd5 27.
Qxd5+ Rf7 28. f4 Qb1+ 29. Kh2 Qxb2 30. fxg5 Kf8 31. Qd8+ Kg7 32. gxf6+ Kh7 33.
Qg8+ Kh6 34. Rh3# 1-0

[Event "40th Olympiad Women"]
[Site "Istanbul TUR"]
[Date "2012.09.05"]
[Round "8.39"]
[Board "2"]
[White "Lopang, Tshepiso"]
[Black "Boyard, Marie"]
[Result "1/2-1/2"]
[WhiteTitle "WFM"]
[WhiteElo "1838"]
[BlackElo "2035"]
[WhiteTeam "Botswana"]
[BlackTeam "Luxembourg"]
[WhiteFideId "11300515"]
[BlackFideId "4001486"]
[EventDate "2012.08.28"]

1. d4 d5 2. c4 e6 3. Nc3 c6 4. Bf4 Nf6 5. e3 Be7 6. h3 Nbd7 7. Nf3 O-O 8. Bd3
dxc4 9. Bxc4 Nb6 10. Bd3 c5 11. dxc5 Bxc5 12. O-O Nbd5 13. Nxd5 exd5 14. Qc2 Bb6
15. Rfd1 Qe7 16. Bg5 h6 17. Bh4 Bd7 18. Qc3 g5 19. Bg3 Ne4 20. Bxe4 dxe4 21. Bd6
Qe6 22. Bxf8 Rxf8 23. Nd4 Qg6 24. Ne2 Bc6 25. Qe5 Re8 26. Qc3 h5 27. Rd2 h4 28.
Nd4 Bd7 29. Ne2 Bc6 30. Nd4 Bd7 31. Ne2 1/2-1/2

[Event "40th Olympiad Women"]
[Site "Istanbul TUR"]
[Date "2012.09.05"]
[Round "8.39"]
[Board "3"]
[White "Boyarchenko, Vlada"]
[Black "Sabure, Ontiretse"]
[Result "1-0"]
[BlackTitle "WCM"]
[WhiteElo "1755"]
[BlackElo "1682"]
[WhiteTeam "Luxembourg"]
[BlackTeam "Botswana"]
[WhiteFideId "4000072"]
[BlackFideId "11300701"]
[EventDate "2012.08.28"]

1. d4 Nf6 2. Nc3 g6 3. Bf4 Bg7 4. e4 d6 5. Bd3 b6 6. Nge2 Nc6 7. Qd2 h6 8. f3
O-O 9. Bxh6 Nb4 10. g4 Nxd3+ 11. cxd3 Nh7 12. h4 e6 13. h5 Qf6 14. O-O-O g5 15.
Bxg7 Kxg7 16. Kb1 Qxf3 17. Rdf1 Qxg4 18. Rfg1 Qf3 19. Rxg5+ Kf6 20. Ng3 Ke7 21.
Rf1 Nxg5 22. Rxf3 Nxf3 23. Qf2 Ng5 24. Qf4 Nh7 25. e5 Ba6 26. Kc2 Rg8 27. Nce4
Rad8 28. Nf6 Nxf6 29. Qxf6+ Ke8 30. Ne4 d5 31. Ng5 Rd7 32. h6 Rg6 33. h7 Rxf6
34. exf6 Rd8 35. h8=Q+ Kd7 36. Qg7 1-0

[Event "40th Olympiad Women"]
[Site "Istanbul TUR"]
[Date "2012.09.05"]
[Round "8.39"]
[Board "4"]
[White "Francis, Onkemetse"]
[Black "Kremer, Nadine"]
[Result "1/2-1/2"]
[WhiteElo "1713"]
[BlackElo "1788"]
[WhiteTeam "Botswana"]
[BlackTeam "Luxembourg"]
[WhiteFideId "11301287"]
[BlackFideId "4002970"]
[EventDate "2012.08.28"]

1. e4 c5 2. Nf3 d6 3. d3 Nf6 4. g3 g6 5. Bg2 Bg7 6. Nc3 Nc6 7. Bg5 O-O 8. O-O
Rb8 9. Qc1 b5 10. Bh6 Bg4 11. Ne2 e5 12. Bxg7 Kxg7 13. c3 Qd7 14. Qd2 Bxf3 15.
Bxf3 Rfd8 16. d4 exd4 17. cxd4 c4 18. a3 Re8 19. Qf4 Qe7 20. Rfe1 Nxe4 21. Bxe4
Qxe4 22. Qxd6 Rbd8 23. Qc5 Qd5 24. Qxd5 Rxd5 25. Nc3 Rxe1+ 26. Rxe1 Rxd4 27.
Nxb5 Rd2 28. Rc1 Rxb2 29. Rxc4 Rxb5 30. Rxc6 a5 1/2-1/2

[Event "40th Olympiad Women"]
[Site "Istanbul TUR"]
[Date "2012.09.05"]
[Round "8.40"]
[Board "2"]
[White "Bejatovic, Bojana"]
[Black "Toro Pradenas, Maria Jose"]
[Result "1/2-1/2"]
[BlackTitle "WFM"]
[WhiteElo "1978"]
[BlackElo "2040"]
[WhiteTeam "FYROM"]
[BlackTeam "Chile"]
[WhiteFideId "15000141"]
[BlackFideId "3412610"]
[EventDate "2012.08.28"]

1. d4 d5 2. Nf3 Nf6 3. Bg5 Ne4 4. Bf4 e6 5. e3 Bd6 6. Ne5 O-O 7. Bd3 f6 8. Nf3
Qe7 9. Bxd6 cxd6 10. Nbd2 f5 11. h3 e5 12. c3 Nxd2 13. Nxd2 e4 14. Bc2 Qg5 15.
Qe2 a6 16. O-O-O b5 17. f3 Nd7 18. Bb3 Bb7 19. fxe4 fxe4 20. Nxe4 Qe7 21. Nd2
Rfe8 22. Rde1 Kh8 23. h4 Nf6 24. Nf3 Ne4 25. Ng5 Rf8 26. Ref1 Nxg5 27. hxg5 Qxg5
28. Rxf8+ Rxf8 29. Rh5 Qf6 30. Rh1 g6 31. Qg4 Kg7 32. Qh3 h5 33. Qg3 Kh6 34. Bc2
Bc8 35. Bd3 Qg5 36. Qe1 Re8 37. Qf2 Qxe3+ 38. Qxe3+ Rxe3 39. Kd2 Rg3 40. Bf1 Kg5
41. Ke2 Rg4 42. Kf3 Rf4+ 43. Ke3 Re4+ 44. Kf2 Bg4 45. a4 Re8 46. axb5 axb5 47.
Bd3 Ra8 48. Bxb5 Rb8 49. Bd3 Rxb2+ 50. Kg3 Rd2 51. Bb1 Re2 52. Rc1 h4+ 53. Kh2
Bf5 54. Bxf5 gxf5 55. Ra1 Re3 56. Ra6 Rxc3 57. Rxd6 Rd3 58. Rxd5 Kf4 59. Rd8 Ke4
60. d5 Rxd5 61. Rxd5 Kxd5 62. Kh3 f4 63. Kxh4 Ke5 1/2-1/2

[Event "40th Olympiad Women"]
[Site "Istanbul TUR"]
[Date "2012.09.05"]
[Round "8.40"]
[Board "3"]
[White "Larrachea Formas, Emilia"]
[Black "Stojkovska, Monika"]
[Result "0-1"]
[WhiteElo "2061"]
[BlackElo "1939"]
[WhiteTeam "Chile"]
[BlackTeam "FYROM"]
[WhiteFideId "3400727"]
[BlackFideId "15002594"]
[EventDate "2012.08.28"]

1. d4 Nf6 2. Nf3 e6 3. Bg5 c5 4. e3 cxd4 5. exd4 Be7 6. Nbd2 b6 7. Bd3 Bb7 8.
O-O O-O 9. Re1 d6 10. c4 Nbd7 11. Qe2 Re8 12. Rad1 Nf8 13. Bxf6 Bxf6 14. Ne4 Ng6
15. Qd2 Rc8 16. Qb4 Be7 17. Qd2 Qc7 18. Rc1 Qb8 19. Qe3 d5 20. Neg5 dxc4 21.
Bxc4 Nf4 22. Nxf7 Bb4 23. Red1 Nxg2 24. Nh6+ gxh6 25. Bxe6+ Kg7 26. Kxg2 Rxc1
27. Rxc1 Bd5 28. Rc8 Rxc8 29. Bxc8 Bxf3+ 30. Qxf3 Qxc8 31. Qg3+ Kf6 32. Qh4+ Kg7
33. Qg3+ Kh8 34. Qe5+ Kg8 35. Qg3+ Kf8 36. Qf3+ Ke7 37. Qe4+ Kd8 38. Qd5+ Qd7
39. Qa8+ Ke7 40. Qe4+ Kd6 41. Qf4+ Kd5 42. Qf3+ Ke6 43. Qh3+ Ke7 44. Qh4+ Ke8
45. Qe4+ Be7 46. d5 Kd8 47. f3 Bf6 48. b3 Qe7 49. Qc4 Be5 50. f4 Bd6 51. Qd4 Qf7
52. Kf3 Qh5+ 53. Kg3 Qg5+ 54. Kf3 Qf5 55. Qh8+ Kc7 56. Qg7+ Kb8 57. Qxh6 Qxd5+
58. Kg4 Qg8+ 59. Qg5 Qxg5+ 60. Kxg5 Kc7 61. h3 Kd7 62. f5 Ke7 63. Kh6 Kf6 64.
Kxh7 Kxf5 65. Kg7 Kg5 66. Kf7 Bc5 67. Ke6 Kh4 68. Kd5 Kxh3 69. Kc6 Kg4 70. Kb5
a5 0-1

[Event "40th Olympiad Women"]
[Site "Istanbul TUR"]
[Date "2012.09.05"]
[Round "8.40"]
[Board "4"]
[White "Lakinska, Simona"]
[Black "Reyes Jara, Paula"]
[Result "0-1"]
[WhiteElo "1655"]
[BlackElo "2115"]
[WhiteTeam "FYROM"]
[BlackTeam "Chile"]
[WhiteFideId "15001695"]
[BlackFideId "3403920"]
[EventDate "2012.08.28"]

1. e4 e5 2. Nf3 Nc6 3. Bb5 a6 4. Bxc6 dxc6 5. Nc3 Bd6 6. d3 Bg4 7. h3 Bh5 8. Be3
Qd7 9. Qe2 Bg6 10. O-O-O c5 11. Rhe1 O-O-O 12. Nh4 Ne7 13. Qf1 f5 14. Nxg6 hxg6
15. Bg5 Rde8 16. Bd2 f4 17. f3 Qe6 18. Kb1 Rd8 19. Qg1 b6 20. Ne2 Nc6 21. c3 Be7
22. Rf1 Rxd3 23. Bc1 Rhd8 24. Rxd3 Rxd3 25. Rd1 Qd7 26. Kc2 c4 27. Qf1 Bc5 28.
Ng1 Rxd1 29. Qxd1 Qxd1+ 30. Kxd1 Bxg1 31. Ke2 Kd7 32. a3 Na5 33. Kf1 Bc5 34. Ke2
Nb3 35. Kd1 Kc6 36. Kc2 Bf2 37. Bd2 Kb5 38. Bc1 Ka4 39. Kb1 c5 40. Kc2 b5 41.
Kb1 a5 42. Kc2 b4 43. axb4 cxb4 44. cxb4 axb4 45. Bd2 Nxd2 46. Kxd2 Kb3 47. Kc1
c3 0-1

[Event "40th Olympiad Women"]
[Site "Istanbul TUR"]
[Date "2012.09.05"]
[Round "8.41"]
[Board "1"]
[White "Arda, Cagil Irmak"]
[Black "Mona, Khaled"]
[Result "0-1"]
[WhiteTitle "WCM"]
[BlackTitle "WGM"]
[WhiteElo "1634"]
[BlackElo "2121"]
[WhiteTeam "Turkey 2023"]
[BlackTeam "Egypt"]
[WhiteFideId "6351700"]
[BlackFideId "10605908"]
[EventDate "2012.08.28"]

1. e4 e5 2. Nf3 Nc6 3. d4 exd4 4. Nxd4 Bc5 5. Nb3 Bb6 6. a4 a6 7. Nc3 d6 8. Bd3
Qh4 9. O-O Nf6 10. Qe1 Ne5 11. Nd2 Nfg4 12. h3 h5 13. Nd5 Qg3 14. Nxc7+ Kd8 15.
hxg4 hxg4 16. Nxa8 Qh2# 0-1

[Event "40th Olympiad Women"]
[Site "Istanbul TUR"]
[Date "2012.09.05"]
[Round "8.41"]
[Board "2"]
[White "Alaa El Din, Yosra"]
[Black "Onur, Cigdem"]
[Result "0-1"]
[WhiteTitle "WIM"]
[WhiteElo "1819"]
[BlackElo "1627"]
[WhiteTeam "Egypt"]
[BlackTeam "Turkey 2023"]
[WhiteFideId "10606610"]
[BlackFideId "6346030"]
[EventDate "2012.08.28"]

1. e4 c5 2. Nf3 Nc6 3. d3 d6 4. g3 g6 5. Bg2 Bg7 6. O-O Nf6 7. c3 O-O 8. Nbd2
Bd7 9. Nc4 b5 10. Ne3 e6 11. Nh4 a5 12. f4 Rc8 13. f5 exf5 14. exf5 b4 15. fxg6
fxg6 16. Nc4 Be6 17. Bxc6 Rxc6 18. Qa4 Ra6 19. cxb4 cxb4 20. Qb5 Qa8 21. Be3 d5
22. Ne5 Rb8 23. Qa4 Rd6 24. Bc5 Ra6 25. Nhf3 Qb7 26. Nd4 Bd7 27. Qd1 Qc7 28.
Nxd7 Nxd7 29. Qf3 Qxc5 30. Qf7+ Kh8 31. Qxd7 Qxd4+ 32. Kg2 Qxd3 33. Rf7 Qe4+ 34.
Kh3 Qe6+ 35. Kg2 Qxd7 36. Rxd7 d4 37. Re1 Raa8 38. Ree7 Rg8 39. Rc7 Rad8 40. Kf1
d3 41. Ke1 d2+ 42. Kd1 Rgf8 43. Rcd7 Rxd7 44. Rxd7 Bh6 45. Rd3 Rf1+ 46. Kc2 Rc1+ 0-1